书目信息 |
| 题名: |
孟子现代版
|
|
| 作者: | 徐克谦 著 | |
| 分册: | ||
| 出版信息: | 上海 上海古籍出版社 2001.01 |
|
| 页数: | 279页 | |
| 开本: | 21cm | |
| 丛书名: | ||
| 单 册: | ||
| 中图分类: | B222.54 | |
| 科图分类: | ||
| 主题词: | ||
| 电子资源: | ||
| ISBN: | 7-5325-2881-2 | |
| 000 | 00644nam0 2200217 45 | |
| 001 | 012001000000 | |
| 005 | 20080825163758.53 | |
| 010 | @a7-5325-2881-2@dCNY 16.80 | |
| 100 | @a20010601e2001 em y0chiy0120 ea | |
| 101 | 0 | @achi |
| 102 | @aCN@b310000 | |
| 105 | @ay z 000yy | |
| 200 | 1 | @a孟子现代版@Ameng zi xian dai ban@f徐克谦著 |
| 210 | @a上海@c上海古籍出版社@d2001.01@h2001.11重印 | |
| 215 | @a279页@d21cm | |
| 314 | @a徐克谦(1956-),江苏江都人。2000年获哲学博士学位。现为南京师范大学文学院教授。 | |
| 605 | @a孟子@x译文 | |
| 690 | @aB222.54@v4 | |
| 701 | 0 | @a徐克谦@Axu ke qian@4著 |
| 801 | 0 | @aCN@c20080825 |
| 905 | @dB222.54@eX740 | |
| 孟子现代版/徐克谦著.-上海:上海古籍出版社,2001.01(2001.11重印) |
| 279页;21cm |
| ISBN 7-5325-2881-2:CNY 16.80 |
| ● |
| 相关链接 |
|
|
|
正题名:孟子现代版
索取号:B222.54/X740
 
预约/预借
| 序号 | 登录号 | 条形码 | 馆藏地/架位号 | 状态 | 备注 |
| 1 | 423485 | 204234854 | 社科库509/ [索取号:B222.54/X740] | 在馆 | |
| 2 | 423486 | 204234863 | 社科库509/422社科库 46排1列1层/ [索取号:B222.54/X740] | 在馆 | |
| 3 | 423487 | 204234872 | 社科库509/509社科库 11排4列1层/ [索取号:B222.54/X740] | 在馆 | |
| 4 | 713838 | 207138382 | 社科库509/422社科库 46排1列1层/ [索取号:B222.54/X740] | 在馆 | |
| 5 | 713839 | 207138391 | 社科库509/509社科库 11排4列1层/ [索取号:B222.54/X740] | 在馆 | |
| 6 | 713840 | 207138408 | 社科库509/422社科库 46排1列1层/ [索取号:B222.54/X740] | 在馆 |